000 00750nmm a2200277 a 4500
003 AR-BaBNM
005 20251128211008.0
008 225020s2004 ||||||||||||||000 | spa||
020 _a950-808-324-7
040 _cAR-BaBNM
100 1 _aMenín, Ovide
245 1 0 _aPedagogía y universidad
_bcurrículum, didáctica y evaluación
260 _aRosario
_bHomo Sapiens Ediciones
_c2004
300 0 _a179 p.
650 4 _aENSENANZA UNIVERSITARIA
650 4 _aDIDACTICA
650 4 _aPEDAGOGIA
650 4 _aTECNOLOGIA EDUCATIVA
650 4 _aCURRICULO UNIVERSITARIO
650 4 _aMETODOS DE EVALUACION
650 4 _aEXTENSION UNIVERSITARIA
650 4 _aUNIVERSIDADES
651 4 _aArgentina
942 _cBK
998 _cme-solo cat
999 _c17805
_d17805